[Event "Hamadan Iran op 11th"]
[Site "Hamadan"]
[Date "2012.07.11"]
[Round "1"]
[White "Noori, Mehran"]
[Black "Asgarizadeh, Ahmad"]
[Result "1-0"]
[WhiteElo "1733"]
[BlackElo "2218"]
[PlyCount "47"]
[EventDate "2012.07.11"]
[EventType "swiss"]
[EventRounds "11"]
[EventCountry "IRI"]
[SourceTitle "CBM 149 Extra"]
[Source "ChessBase"]
[SourceDate "2012.08.24"]
[SourceVersion "1"]
[SourceVersionDate "2012.08.24"]
[SourceQuality "1"]

1. e4 c5 2. Nc3 e6 3. g3 d5 4. d3 Nf6 5. Bg2 Be7 6. f4 Nc6 7. e5 Nd7 8. Nf3 a6 9. Ne2 b5 10. c3 Bb7 11. d4 a5 12. dxc5 Nxc5 13. Nfd4 b4 14. Nxc6 Bxc6 15. c4 Qb6 16. Nd4 Bb7 17. cxd5 Ba6 18. Bf1 exd5 19. Be3 Bxf1 20. Kxf1 Qb7 21. Rc1 f6 22. Qe2 0-0 23. Qh5 Qb5+ 24. Nxb5 1-0